| 000 | 01009cam a2200277 i 4500 | ||
|---|---|---|---|
| 999 |
_c10038 _d10038 |
||
| 001 | 10038 | ||
| 003 | BD-JhCC | ||
| 005 | 20180404184041.0 | ||
| 008 | 180404s1973 enkac 000 0 eng | ||
| 020 |
_a0718204964 : _c£1.25 ($6.95 U.S.) |
||
| 035 | _a(BD-JhCC)10038 | ||
| 040 |
_aDLC _cDLC _dDLC _dBD-JhCC |
||
| 041 | _aeng | ||
| 050 | 0 | 0 |
_aGV1060.5 _b.H37 |
| 082 | 0 | 0 |
_a796.4/2 _bHEA 1973 |
| 100 | 1 | _aHeaton, John. | |
| 245 | 1 | 0 |
_aBetter athletics--field (with cross country and race walking) / _cby John Heaton ; (with 89 photographs and 9 diagrams). |
| 260 |
_aLondon : _bKaye and Ward, _c1973. |
||
| 300 |
_a211 p. : _bill., ports. ; _c18 cm. |
||
| 500 | _aStamped on t.p.: Distributed by Sportshelf, New Rochelle, N.Y. | ||
| 520 | _aText and photographs describe the equipment, training, and techniques for such activities as shot putting, discus throwing, cross country running, and others. | ||
| 650 | 0 | _aTrack and field. | |
| 650 | 1 | _aTrack and field. | |
| 942 |
_2ddc _cBK |
||